[Event "EYCC 2017"]
[Site "Mamaia"]
[Date "2017.09.11"]
[Round "6"]
[White "Yayloyan, Konstantin"]
[Black "Santos Ruiz, Miguel"]
[Result "1/2-1/2"]
[WhiteElo "2142"]
[BlackElo "2505"]
[Annotator "TA"]
[PlyCount "64"]
[EventDate "2017.??.??"]
[EventType "swiss"]
[EventCountry "ROU"]
[SourceTitle "playchess.com"]
[Source "ChessBase"]
[SourceQuality "1"]

{[%evp 29,64,0,0,0,0,0,0,0,9,12,112,101,102,100,161,162,150,136,138,68,74,74,74,83,99,85,81,70,76,71,116,65,67,65,71,65,79]} 1. e4 c5 2. Nf3 d6 3. d4 cxd4 4. Nxd4 Nf6 5. Nc3 a6 6. Be3 e5 7. Nf3 Be7 8. Bc4 O-O 9. O-O Nc6 10. Bg5 Be6 11. Bb3 Nd7 {B90: Sicilian Najdorf: Unusual White 6th moves, 6 Be3 Ng4 and 6 Be3 e5} 12. Bxe7 Qxe7 13. Nd5 Qd8 14. c3 Na5 15. Re1 Rc8 {LiveBook: 9 Games} 16. Ne3 {aiming for Bxe6.} Nxb3 17. axb3 {[%cal Ba2b3,Bb3b4][%mdl 32]} Nc5 18. Nd5 f5 19. exf5 {[#]} Rxf5 $146 (19... Bxf5 $11 {keeps the balance.} 20. Re3 Bg4) ({Find the theoretical novelty and annotate with similar games:} 19... Bxf5) 20. b4 $16 e4 21. Ne3 ({Of course not} 21. bxc5 $6 Bxd5 22. Nd4 Rf7 $11) 21... Nd3 (21... Rxf3 $16 22. bxc5 Rf7) 22. Nxf5 $18 Bxf5 23. Nd4 Bg6 24. Qd2 (24. Re3 $16) 24... Nxe1 $14 25. Rxe1 Qf6 26. Nc2 Rf8 27. Ne3 Bf7 28. Qc2 d5 29. Rd1 Re8 30. Rd4 ({White should play} 30. Nxd5 $16 Bxd5 31. Rxd5) 30... Qc6 31. Qd1 {[%cal Re3d5]} Re5 32. Qg4 h6 {Precision: White = 74%, Black = 59%.} 1/2-1/2

[Event "EYCC 2017"]
[Site "Mamaia"]
[Date "2017.09.11"]
[Round "6"]
[White "Popov, Konstantin"]
[Black "Silich, Yahor"]
[Result "1-0"]
[WhiteElo "2141"]
[BlackElo "1846"]
[Annotator "TA"]
[PlyCount "91"]
[EventDate "2017.??.??"]
[EventType "swiss"]
[EventCountry "ROU"]
[SourceTitle "playchess.com"]
[Source "ChessBase"]
[SourceQuality "1"]

{[%evp 10,91,-8,-5,34,34,28,20,10,0,0,0,22,33,32,21,22,16,46,37,66,12,20,22,41,41,55,8,13,20,46,41,53,37,43,36,50,64,67,77,81,82,83,83,97,62,86,83,81,79,76,79,109,65,84,85,68,58,81,75,126,120,191,190,192,196,225,206,290,303,404,314,310,300,341,310,435,441,799,777,479,479,1600,1269]} 1. e4 c5 2. Nf3 Nc6 3. Nc3 g6 4. g3 Bg7 5. Bg2 e6 (5... d6 6. O-O e5 7. d3 Nge7 8. Nd2 O-O 9. Nc4 Be6 10. a4 h6 11. Ne3 Qd7 12. Ncd5 Bh3 13. Bxh3 Qxh3 14. c3 Nxd5 15. Nxd5 Kh7 16. Qf3 f5 17. Qg2 Qxg2+ 18. Kxg2 {1-0 (60) Carlsen,M (2840)-Sebenik,M (2534) chess.com INT 2017}) 6. O-O {LiveBook: 21 Games. B24: Closed Sicilian: 3 g3 sidelines} d5 7. exd5 $146 ({Predecessor:} 7. d3 Nge7 8. Bd2 O-O 9. h3 b6 10. Qc1 dxe4 11. dxe4 Nd4 12. Re1 Bb7 13. Bh6 f5 14. Bxg7 Kxg7 15. Nxd4 cxd4 {½-½ (33) Klaus,I (2054)-Herbrechtsmeier,C (2291) Germany 2005}) 7... exd5 8. Re1+ {White has an edge.} (8. d4 $5) 8... Nge7 9. d4 cxd4 10. Nb5 {[%cal Rb5d4]} O-O (10... Bg4 {keeps more tension.} 11. Bg5 O-O 12. Qd3 Bxf3 13. Bxf3 Ne5) 11. Nbxd4 Nf5 {[%cal Rf5d4]} 12. Nb3 $36 {[%mdl 2048] Black is under pressure.} d4 13. Bf4 h6 14. Ne5 Qb6 15. Nxc6 ({White should play} 15. Nd3 $14) 15... bxc6 $11 16. Be5 Be6 17. Bxg7 Kxg7 18. Qd2 (18. g4 $5 {[%cal Rg4f5]} Bxb3 19. axb3 $14) 18... Rac8 19. g4 Nh4 20. Qxd4+ Kg8 21. Qxb6 axb6 22. h3 Nxg2 23. Kxg2 Rfd8 24. Rad1 c5 25. Nc1 Kf8 26. a3 Bc4 27. b3 Bb5 28. Na2 c4 29. Nc3 Bc6+ 30. Kg3 b5 31. Rxd8+ Rxd8 32. bxc4 bxc4 $16 {[%mdl 4096] Endgame KRB-KRN} 33. Rd1 Ra8 34. Ra1 Rd8 {[#]} (34... Ke7 $142) 35. a4 $1 {[%cal Ba3a4,Ba4a5][%mdl 32]} g5 (35... h5 $16) 36. a5 $18 Ra8 37. Nd1 Bb5 38. Ne3 Ba6 (38... Ra6 {was necessary.} 39. Kf3 Bc6+ 40. Ke2 Ke7 41. Nf5+ Ke6 42. Nxh6 Ke5) 39. Nf5 Rd8 40. Nxh6 Rd2 41. Ra2 Rd1 42. Nf5 Bb7 (42... Rg1+ $142 43. Kf3 Ke8) 43. f3 {White is clearly winning.} Rf1 (43... Ba6 $142 44. Rb2 Rd8) 44. Rb2 Rxf3+ 45. Kh2 Rf2+ (45... Bc6 $142 46. Rb8+ Be8) 46. Kg1 {Precision: White = 75%, Black = 36%.} 1-0

[Event "EYCC 2017"]
[Site "Mamaia"]
[Date "2017.09.11"]
[Round "6"]
[White "Shafigullina, Zarina"]
[Black "Heydarova, Aytaj"]
[Result "1/2-1/2"]
[WhiteElo "2130"]
[BlackElo "1850"]
[Annotator "NA"]
[PlyCount "60"]
[EventDate "2017.??.??"]
[EventType "swiss"]
[EventCountry "ROU"]
[SourceTitle "playchess.com"]
[Source "ChessBase"]
[SourceQuality "1"]
[TimeControl "40/5400+30:1800+30"]

1. d4 {[%emt 0:00:00]} Nf6 {[%emt 0:00:04]} 2. Nf3 {[%emt 0:00:00]} g6 {[%emt 0:00:03]} 3. g3 {[%emt 0:00:00]} Bg7 {[%emt 0:00:01]} 4. Bg2 {[%emt 0:00:00]} d6 {[%emt 0:00:02]} 5. O-O {[%emt 0:00:03]} Nbd7 {[%emt 0:00:05]} 6. c4 {[%emt 0:00:13]} O-O {[%emt 0:00:17]} 7. Nc3 {[%emt 0:00:03]} e5 {[%emt 0:00:05]} 8. e4 {[%emt 0:00:04]} Re8 {[%emt 0:00:13]} 9. Re1 {[%emt 0:00:12]} c6 {[%emt 0:02:00]} 10. h3 {[%emt 0:00:12]} Qc7 {[%emt 0:00:06]} 11. d5 {[%emt 0:01:40]} a5 {[%emt 0:02:08]} 12. Be3 {[%emt 0:01:46]} Nc5 {[%emt 0:13:07]} 13. Bxc5 {[%emt 0:06:34]} dxc5 {[%emt 0:00:08]} 14. a4 {[%emt 0:00:33]} Qb6 {[%emt 0:03:36]} 15. Ra3 {[%emt 0:03:56]} Qa6 {[%emt 0:14:07]} 16. Bf1 {[%emt 0:05:03]} Bd7 {[%emt 0:06:11]} 17. Qd2 {[%emt 0:09:54]} b6 {[%emt 0:04:36]} 18. dxc6 {[%emt 0:13:45]} Bxc6 {[%emt 0:03:41]} 19. Nd5 {[%emt 0:00:04]} Rac8 {[%emt 0:10:50]} 20. Qg5 {[%emt 0:03:36]} Re6 {[%emt 0:10:59]} 21. h4 {[%emt 0:02:25]} h6 {[%emt 0:05:14]} 22. Qd2 {[%emt 0:00:13]} Ng4 {[%emt 0:04:56]} 23. Nc7 {[%emt 0:03:14]} Rxc7 {[%emt 0:00:23]} 24. Qd8+ {[%emt 0:00:06]} Bf8 {[%emt 0:01:00]} 25. Qxc7 {[%emt 0:00:45]} Qa8 {[%emt 0:04:39]} 26. Rd1 {[%emt 0:05:21]} Re8 {[%emt 0:03:33]} 27. Bh3 {[%emt 0:40:11]} Rc8 {[%emt 0:01:52]} 28. Qxb6 {[%emt 0:03:26]} Rb8 {[%emt 0:00:03]} 29. Qc7 {[%emt 0:00:04]} Rc8 {[%emt 0:00:28]} 30. Qb6 {[%emt 0:00:03]} Rb8 {[%emt 0:00:11]} 1/2-1/2

[Event "EYCC 2017"]
[Site "Mamaia"]
[Date "2017.09.11"]
[Round "6"]
[White "Represa Perez, Mireya"]
[Black "Sosa Suarez, Carla Cristina"]
[Result "1/2-1/2"]
[WhiteElo "2082"]
[BlackElo "1930"]
[Annotator "NA RC"]
[PlyCount "123"]
[EventDate "2017.??.??"]
[EventType "swiss"]
[EventCountry "ROU"]
[SourceTitle "playchess.com"]
[Source "ChessBase"]
[SourceQuality "1"]
[TimeControl "40/5400+30:1800+30"]

1. e4 {[%emt 0:00:00]} e6 {[%emt 0:00:04]} 2. d4 {[%emt 0:00:00]} d5 {[%emt 0:00:04]} 3. Nc3 {[%emt 0:00:00]} Nc6 {[%emt 0:00:07]} 4. Nf3 {[%emt 0:00:00]} Nf6 {[%emt 0:00:16]} 5. Bg5 {[%emt 0:00:01]} Be7 {[%emt 0:08:38]} 6. Bxf6 {[%emt 0:05:21]} Bxf6 {[%emt 0:00:22]} 7. Bb5 {[%emt 0:02:39]} O-O {[%emt 0:03:56]} 8. O-O {[%emt 0:04:33]} a6 {[%emt 0:04:24]} 9. Bxc6 {[%emt 0:00:32]} bxc6 {[%emt 0:00:06]} 10. e5 {[%emt 0:01:04] C10: French with 3 Nc3: Unusual Black 3rd moves and 3...dxe4} (10. Re1 Rb8 11. e5 Be7 12. Na4 f6 13. b3 f5 14. Qd3 Kh8 15. c4 a5 16. cxd5 cxd5 17. Rac1 g5 {1-0 (33) Guliyev,N (2690)-Leruste,G (2270) Le Port Marly 2012}) 10... Be7 {[%emt 0:00:08]} 11. Na4 {[%emt 0:00:39]} Rb8 $146 {[%emt 0:08:04]} ({Predecessor:} 11... a5 12. Re1 f6 13. a3 Bd7 14. Qd3 f5 15. Nd2 f4 16. Qc3 Qe8 17. Rad1 Qb8 {0-1 (54) Egger Mancilla,J (2431)-Andueza Quezada,D (2176) Santiago de Chile 2007}) 12. c3 {[%emt 0:06:58]} f6 {[%emt 0:07:01]} 13. exf6 {[%emt 0:03:05]} gxf6 {[%emt 0:03:01]} 14. Re1 {[%emt 0:04:25]} Qe8 {[%emt 0:03:15]} 15. Qe2 {[%emt 0:10:51]} Qg6 {[%emt 0:04:05]} 16. b4 {[%emt 0:03:12]} Bd7 {[%emt 0:05:30]} 17. Nb2 {[%emt 0:07:01]} Rb6 {[%emt 0:07:56]} 18. Nd3 {[%emt 0:00:35]} Bd6 {[%emt 0:04:44]} 19. Nd2 {[%emt 0:08:46]} Rbb8 {[%emt 0:07:02]} 20. Nb3 {[%emt 0:04:06]} Rbe8 {[%emt 0:01:47]} 21. Nbc5 {[%emt 0:00:08]} Bc8 {[%emt 0:00:39]} 22. f4 {[%emt 0:01:41]} Re7 {[%emt 0:05:08]} 23. Rf1 {[%emt 0:06:06]} Rfe8 {[%emt 0:01:09]} 24. Rf3 {[%emt 0:00:44]} Kh8 {[%emt 0:01:35]} 25. Re3 {[%emt 0:01:25]} Qf5 {[%emt 0:01:52]} 26. Rf1 {[%emt 0:01:17]} Rg8 {[%emt 0:00:29]} 27. Kh1 {[%emt 0:02:23]} Reg7 {[%emt 0:02:05]} 28. g3 {[%emt 0:02:48]} Qh3 {[%emt 0:00:49]} 29. Qg2 {[%emt 0:03:52]} Qh6 {[%emt 0:01:25]} 30. Qf2 {[%emt 0:02:57]} Qh3 {[%emt 0:01:48]} 31. Rfe1 {[%emt 0:01:01]} h5 {[%emt 0:00:42]} 32. Qf1 {[%emt 0:03:51]} Qf5 {[%emt 0:00:54]} 33. Qe2 {[%emt 0:02:56]} h4 {[%emt 0:02:44]} 34. Rf3 {[%emt 0:09:06]} hxg3 {[%emt 0:03:02]} 35. hxg3 {[%emt 0:00:05]} Rh7+ {[%emt 0:02:52]} 36. Kg1 {[%emt 0:00:28]} Rh3 {[%emt 0:01:20]} 37. Qg2 {[%emt 0:00:40]} Qg4 {[%emt 0:01:07]} 38. Nf2 {[%emt 0:02:00]} Qxg3 {[%emt 0:01:47]} 39. Rxg3 {[%emt 0:00:44]} Rhxg3 {[%emt 0:00:03]} 40. Qxg3 {[%emt 0:00:00]} Rxg3+ {[%emt 0:00:05]} 41. Kf1 {[%emt 0:00:48]} Rxc3 {[%emt 0:07:06]} 42. Nfd3 {[%emt 0:06:16]} Kg7 $19 {[%emt 0:07:27]} 43. f5 $2 {[%emt 0:02:42]} (43. Kf2) 43... e5 {[%emt 0:06:37]} 44. dxe5 {[%emt 0:01:20]} fxe5 {[%emt 0:00:19]} 45. Nxe5 {[%emt 0:02:51]} Bxc5 {[%emt 0:00:26]} 46. bxc5 {[%emt 0:00:06]} Rxc5 {[%emt 0:00:32]} 47. Nd3 {[%emt 0:00:40]} Rc3 {[%emt 0:01:09]} 48. Re7+ {[%emt 0:00:52]} Kf6 {[%emt 0:00:06]} 49. Rxc7 {[%emt 0:00:06]} Bxf5 {[%emt 0:01:34]} 50. Nb4 {[%emt 0:00:11]} Ke6 {[%emt 0:03:51]} 51. Rxc6+ {[%emt 0:00:50]} Rxc6 {[%emt 0:01:05]} 52. Nxc6 {[%emt 0:00:03]} Bb1 {[%emt 0:00:47]} 53. Nb4 {[%emt 0:05:50]} d4 {[%emt 0:02:54]} 54. Ke1 {[%emt 0:01:12]} a5 {[%emt 0:03:09]} 55. Nc6 {[%emt 0:00:17]} Kd5 {[%emt 0:00:55]} 56. Nxa5 {[%emt 0:00:12]} Bxa2 {[%emt 0:00:08]} 57. Kd2 {[%emt 0:00:33]} Kc5 {[%emt 0:00:33]} 58. Nb7+ {[%emt 0:00:12]} Kc6 {[%emt 0:00:50]} 59. Kd3 Kd5 {[%emt 0:00:16]} 60. Na5 {[%emt 0:01:08]} Bb1+ {[%emt 0:00:15]} 61. Kd2 {[%emt 0:00:24]} d3 {[%emt 0:00:24]} 62. Nb3 {[%emt 0:00:08]} 1/2-1/2

[Event "EYCC 2017"]
[Site "Mamaia"]
[Date "2017.09.11"]
[Round "6"]
[White "Chyzy, Jakub"]
[Black "Oglaza, Oskar"]
[Result "1-0"]
[WhiteElo "2060"]
[BlackElo "2198"]
[Annotator "RC"]
[PlyCount "69"]
[EventDate "2017.??.??"]
[EventType "swiss"]
[EventCountry "ROU"]
[SourceTitle "playchess.com"]
[Source "ChessBase"]
[SourceQuality "1"]
[TimeControl "40/5400+30:1800+30"]

1. e4 {[%emt 0:00:00]} c5 {[%emt 0:00:20]} 2. Nf3 {[%emt 0:00:00]} d6 {[%emt 0:00:17]} 3. d4 {[%emt 0:00:00]} cxd4 {[%emt 0:00:05]} 4. Qxd4 {[%emt 0:00:00]} Nc6 {[%emt 0:00:05]} 5. Bb5 {[%emt 0:00:00]} a6 {[%emt 0:00:04]} 6. Bxc6+ {[%emt 0:01:38]} bxc6 {[%emt 0:00:07]} 7. c4 {[%emt 0:01:00]} e5 {[%emt 0:00:30]} 8. Qd3 {[%emt 0:00:36]} Be7 {[%emt 0:00:37]} 9. Nc3 {[%emt 0:01:09]} Qc7 {[%emt 0:00:19]} 10. O-O {[%emt 0:00:41]} Nf6 {[%emt 0:00:29]} 11. b4 {[%emt 0:23:24]} O-O {[%emt 0:04:16]} 12. Rd1 {[%emt 0:01:56]} Rd8 {[%emt 0:01:16]} 13. Rb1 {[%emt 0:02:45]} Bg4 {[%emt 0:10:41]} 14. a4 {[%emt 0:03:04]} Rac8 {[%emt 0:22:09]} 15. a5 {[%emt 0:08:45]} Nd7 {[%emt 0:11:11]} 16. Be3 {[%emt 0:09:40]} f5 {[%emt 0:03:52]} 17. b5 {[%emt 0:19:05]} f4 {[%emt 0:17:08]} 18. bxc6 {[%emt 0:08:50]} Qxc6 {[%emt 0:00:12]} 19. Nd5 {[%emt 0:01:03]} Bf8 {[%emt 0:03:54]} 20. Bb6 {[%emt 0:02:57]} Nc5 {[%emt 0:03:19]} 21. Bxc5 {[%emt 0:10:46]} Qxc5 {[%emt 0:03:11]} 22. Nb6 {[%emt 0:00:19]} Be6 {[%emt 0:13:33]} 23. Ng5 {[%emt 0:01:43]} Bxc4 {[%emt 0:03:24]} 24. Qh3 {[%emt 0:00:09]} h6 {[%emt 0:00:05]} 25. Ne6 {[%emt 0:00:14]} Bxe6 {[%emt 0:00:48]} 26. Qxe6+ {[%emt 0:00:06]} Kh8 {[%emt 0:00:05]} 27. Nxc8 {[%emt 0:01:22]} Rxc8 {[%emt 0:00:06]} 28. h3 {[%emt 0:00:21]} Rd8 {[%emt 0:01:31]} 29. Rdc1 {[%emt 0:02:06]} Qxa5 {[%emt 0:00:40]} 30. Rc8 {[%emt 0:00:08]} Be7 {[%emt 0:00:41]} 31. Rbb8 {[%emt 0:00:28]} Qe1+ {[%emt 0:00:32]} 32. Kh2 {[%emt 0:00:06]} Rxc8 {[%emt 0:00:05]} 33. Rxc8+ {[%emt 0:00:05]} Kh7 {[%emt 0:00:04]} 34. Qf5+ {[%emt 0:00:07]} g6 {[%emt 0:00:05]} 35. Qf7# {[%emt 0:00:04]} 1-0

[Event "EYCC 2017"]
[Site "Mamaia"]
[Date "2017.09.11"]
[Round "6"]
[White "Tsaruk, Maksim"]
[Black "Morgunov, Marc"]
[Result "1-0"]
[WhiteElo "2060"]
[BlackElo "2199"]
[Annotator "TA"]
[PlyCount "100"]
[EventDate "2017.??.??"]
[EventType "swiss"]
[EventCountry "ROU"]
[SourceTitle "playchess.com"]
[Source "ChessBase"]
[SourceQuality "1"]

{[%evp 13,100,19,35,15,12,0,0,0,0,-15,0,-8,9,-44,-12,-30,-19,-34,-33,-22,79,23,52,39,43,36,36,36,30,22,17,16,13,8,36,0,0,-85,-80,-79,-93,-94,-97,-97,-70,-54,8,14,19,7,39,40,52,55,114,106,111,88,122,106,102,113,122,115,157,130,128,125,125,125,301,304,29970,29971,29968,29969,29976,29976,29977,29978,29978,29979,29979,29980,29980,29981,29981,29981,29988]} 1. e4 c5 2. Nf3 a6 3. c4 Nc6 4. d4 cxd4 5. Nxd4 e5 6. Nc2 Bc5 {B28: Sicilian: 2 Nf3 a6 (O'Kelly Variation)} 7. Nc3 d6 {LiveBook: 9 Games} 8. Be3 (8. b4 {is interesting.} Ba7 9. Bd3 Nf6 10. O-O h6 11. Rb1) (8. Be2 Nge7 9. Be3 O-O 10. O-O Be6 11. Qd2 f5 12. Rad1 f4 13. Bxc5 dxc5 14. Na4 Qxd2 15. Rxd2 {½-½ (45) Ter Sahakyan,S (2581)-Artemiev,V (2677) Skopje 2017}) 8... Bxe3 {The position is equal.} 9. fxe3 Nf6 10. Be2 Be6 $146 ({Predecessor:} 10... Qc7 11. O-O Be6 12. Rc1 O-O 13. Kh1 Na5 14. Nb4 Qe7 15. Nbd5 Bxd5 16. Nxd5 Nxd5 17. cxd5 {½-½ (40) Francsics,E (2185)-Botragyi,T Debrecen 1993}) 11. Qd3 O-O 12. O-O Qc7 13. b4 (13. Rad1 $11) 13... Rac8 14. Rac1 Nb8 {[%cal Re6c4]} 15. Nd5 Bxd5 $1 16. exd5 Qb6 (16... Nbd7 $11) 17. Kh1 ({Better is} 17. Rxf6 $16 {aiming for c5!} gxf6 18. Qf5) 17... e4 18. Qd4 Qd8 19. Na1 {[%cal Bc2a1,Ba1b3,Bb3d2][%mdl 32]} b6 20. Nb3 Nbd7 21. Nd2 Qe7 22. Rf4 Rfe8 {[%cal Bf8e8,Be8e5,Be5d5][%mdl 32]} 23. Rcf1 Qe5 {Hoping for ...Qxd4.} 24. Qxe5 Rxe5 25. Bg4 (25. a4 $11) 25... Nxg4 $17 26. Rxg4 f5 27. Rgf4 b5 28. cxb5 Rxd5 29. Nb3 $1 Rxb5 ({Black should play} 29... axb5 $15 30. Rxf5 Rxf5 31. Rxf5 Ne5) 30. Nd4 $36 {[%mdl 2048] White has good play.} Re5 {Threatens to win with ...g6.} 31. Nxf5 d5 {[#]} 32. Nxg7 $1 {[%mdl 512]} Kxg7 33. Rf7+ Kg8 (33... Kg6 $14 34. Rxd7 Rc3) 34. Rxd7 $16 {[%mdl 4096] Endgame KRR-KRR} Rc3 35. Re1 Rf5 36. Kg1 Rc2 37. Rf1 $1 {[%cal Rf1f5]} Rg5 38. g3 $1 Rc3 39. Rd1 Rxe3 40. R1xd5 Rxd5 41. Rxd5 {KR-KR} Ra3 $2 {[#]} (41... Rf3 $16 42. Kg2 Kf7) 42. Ra5 $1 $18 {[%cal Ra5a3]} Rxa5 $2 (42... Rf3 $18 43. Rxa6 Kf7) 43. bxa5 {KP-KP. White mates.} Kf7 44. Kf2 Ke6 {[#]} 45. g4 $1 Ke5 46. Ke3 Kd5 47. h4 {[%cal Bh2h4,Bh4h5,Bh5h6][%mdl 32]} Ke5 48. h5 Kd5 49. h6 Ke5 50. a3 Kd5 {Precision: White = 57%, Black = 33%.} 1-0

[Event "EYCC 2017"]
[Site "Mamaia"]
[Date "2017.09.11"]
[Round "6"]
[White "Berdnyk, Mariia"]
[Black "Krasteva, Beloslava"]
[Result "1/2-1/2"]
[WhiteElo "2055"]
[BlackElo "2048"]
[Annotator "NA RC"]
[PlyCount "94"]
[EventDate "2017.??.??"]
[EventType "swiss"]
[EventCountry "ROU"]
[SourceTitle "playchess.com"]
[Source "ChessBase"]
[SourceQuality "1"]
[TimeControl "40/5400+30:1800+30"]

1. e4 {[%emt 0:00:00]} c5 {[%emt 0:00:11]} 2. Nf3 {[%emt 0:00:00]} d6 {[%emt 0:00:13]} 3. d4 {[%emt 0:00:00]} cxd4 {[%emt 0:00:12]} 4. Nxd4 {[%emt 0:00:00]} Nf6 {[%emt 0:00:30]} 5. Nc3 {[%emt 0:00:00]} a6 {[%emt 0:00:16]} 6. f4 {[%emt 0:00:00]} e6 {[%emt 0:02:59]} 7. Qf3 {[%emt 0:00:19]} Qc7 {[%emt 0:04:26]} 8. g4 {[%emt 0:08:27]} Nc6 {[%emt 0:04:28]} 9. Nb3 {[%emt 0:05:34]} b5 {[%emt 0:04:27] B82: Sicilian Scheveningen: 6 f4} 10. g5 {[%emt 0:02:54]} Nd7 {[%emt 0:01:32]} 11. Be3 {[%emt 0:01:59]} (11. Bd3 Bb7 12. Bd2 Nc5 13. O-O-O Nxd3+ 14. Qxd3 b4 15. Ne2 a5 16. Nbd4 Ba6 17. Qb3 e5 18. fxe5 dxe5 19. Nxc6 Qxc6 20. Rhe1 Rc8 21. Kb1 Bc4 22. Qf3 {½-½ (22) Ganguly,S (2579)-Deepan Chakkravarthy,J (2491) Vishakapatnam 2008}) 11... Bb7 {[%emt 0:02:17]} 12. Bd3 {[%emt 0:02:41]} Be7 {[%emt 0:05:35]} 13. Qf2 {[%emt 0:03:18]} Rc8 $146 {[%emt 0:12:25]} ({Find the theoretical novelty and annotate with similar games:} 13... Nb4 14. O-O g6 15. a4 O-O 16. axb5 Nxd3 17. cxd3 axb5 18. Nxb5 Qb8 {1-0 (26) Bakre,T (2455)-Hegde,R (2233) Mumbai 2008}) 14. O-O {[%emt 0:07:19]} Qd8 {[%emt 0:13:03]} 15. f5 {[%emt 0:12:12]} exf5 {[%emt 0:06:00]} 16. Qxf5 {[%emt 0:02:32]} Nce5 {[%emt 0:01:51]} 17. Nd5 {[%emt 0:02:13]} O-O {[%emt 0:02:28]} 18. Bd2 {[%emt 0:05:08]} Bxd5 {[%emt 0:05:11]} 19. Ba5 {[%emt 0:10:36]} Qe8 {[%emt 0:05:00]} 20. exd5 {[%emt 0:00:58]} g6 {[%emt 0:03:13]} 21. Qf4 {[%emt 0:02:34]} f6 {[%emt 0:02:25]} 22. Nd4 {[%emt 0:03:44]} fxg5 {[%emt 0:01:25]} 23. Qg3 {[%emt 0:00:24]} Nf6 {[%emt 0:05:24]} 24. Ne6 {[%emt 0:03:00]} Nh5 {[%emt 0:02:34]} 25. Qe3 {[%emt 0:00:55]} Rxf1+ {[%emt 0:02:25]} 26. Rxf1 {[%emt 0:00:11]} Nf4 {[%emt 0:01:12]} 27. Nxf4 {[%emt 0:03:41]} gxf4 {[%emt 0:00:07]} 28. Qxf4 {[%emt 0:00:29]} Qd7 {[%emt 0:01:32]} 29. Bc3 {[%emt 0:02:48]} Rf8 {[%emt 0:00:34]} 30. Qg3 {[%emt 0:01:20]} Rxf1+ {[%emt 0:02:06]} 31. Bxf1 {[%emt 0:01:07]} Qf5 {[%emt 0:03:59]} 32. Bh3 $15 {[%emt 0:05:56]} Qe4 {[%emt 0:05:25]} 33. Be6+ {[%emt 0:01:26]} Kf8 {[%emt 0:00:29]} 34. Qf2+ {[%emt 0:02:24]} Qf3 {[%emt 0:00:54]} 35. Qxf3+ {[%emt 0:00:52]} Nxf3+ {[%emt 0:00:05]} 36. Kf2 {[%emt 0:00:14]} Ng5 {[%emt 0:00:52]} 37. Bc8 {[%emt 0:05:48]} Ne4+ {[%emt 0:00:32]} 38. Ke2 {[%emt 0:01:03]} Nxc3+ {[%emt 0:00:25]} 39. bxc3 {[%emt 0:00:14]} a5 {[%emt 0:00:20]} 40. a3 {[%emt 0:00:00]} Bd8 {[%emt 0:00:46]} 41. Bd7 {[%emt 0:00:41]} Bb6 {[%emt 0:03:50]} 42. Bxb5 {[%emt 0:00:12]} a4 {[%emt 0:02:27]} 43. Bxa4 {[%emt 0:01:06]} Bc5 {[%emt 0:00:07]} 44. Kf3 {[%emt 0:01:05]} Bxa3 {[%emt 0:00:30]} 45. Kg4 {[%emt 0:00:22]} Kg7 {[%emt 0:00:39]} 46. c4 {[%emt 0:00:42]} Kf6 {[%emt 0:00:25]} 47. Bd7 {[%emt 0:00:33]} Bc5 {[%emt 0:00:12]} 1/2-1/2